Defensa de la universidad pública y notas sobre la enseñanza del derecho (penal), la academia, el legislador, la jurisprudencia y la "ciencia" del derecho penal. Discurso de agradecimiento por el nombramiento como profesor honorario de la universidad de buenos aires (Registro nro. 21923)
[ vista simple ]
| 000 -LEADER | |
|---|---|
| fixed length control field | 00563 a2200109 4500 |
| 001 - CONTROL NUMBER | |
| control field | ART_63629 |
| 005 - DATE AND TIME OF LATEST TRANSACTION | |
| control field | 20260410161816.0 |
| 008 - FIXED-LENGTH DATA ELEMENTS--GENERAL INFORMATION | |
| fixed length control field | 260409a |
| 100 1# - MAIN ENTRY--PERSONAL NAME | |
| Personal name | Díaz y García Conlledo, Miguel |
| 245 10 - TITLE STATEMENT | |
| Title | Defensa de la universidad pública y notas sobre la enseñanza del derecho (penal), la academia, el legislador, la jurisprudencia y la "ciencia" del derecho penal. Discurso de agradecimiento por el nombramiento como profesor honorario de la universidad de buenos aires |
| 773 0# - HOST ITEM ENTRY | |
| Title | Academia |
| Related parts | - Año 22, N° 43 (ene./jun. 2024) |
| Record control number | REV4314 |
No hay ítems disponibles.